| 000 | 00955nam a2200277 i 4500 | ||
|---|---|---|---|
| 001 | bg | ||
| 100 | 1 | _aMAJCHROWSKI, Roman | |
| 245 | 1 | 0 |
_aWpływ oświetlenia na charakterystyki pochłaniania światła przez fitoplankton w morzu / _cRoman Majchrowski. |
| 260 |
_aSłupsk : _bWydaw. Uczelniane PAP, _c2001. |
||
| 300 |
_a131 s. : _bil. (w tym kolor.) ; _c25 cm. |
||
| 490 | 1 |
_aStudia i Rozprawy / Pomorska Akademia Pedagogiczna w Słupsku ; _vnr 1 |
|
| 504 | _aBibliogr. | ||
| 650 | 9 |
_aFotosynteza _xbadanie |
|
| 650 | 9 |
_aGlony _xbiochemia |
|
| 650 | 9 |
_aMorze _xbiologia _xbadanie |
|
| 650 | 9 |
_aPigment _xbotanika _xbadanie |
|
| 650 | 9 |
_aPlankton _xbotanika _xbadanie |
|
| 830 | 0 |
_aStudia i Rozprawy (Pomorska Akademia Pedagogiczna w Słupsku) ; _vnr 1 |
|
| 020 | _a8388731505 | ||
| 040 | _cBPK | ||
| 041 | 0 | _apol | |
| 080 | _a582.26-11:581.526:574.5](26) | ||
| 920 | _a83-88731-50-5 | ||
| 942 | _cKS | ||
| 008 | s pl f |000 0 pol | ||
| 999 |
_c42513 _d42513 |
||
| 856 |
_uhttp://koha.tu.koszalin.pl/cgi-bin/koha/opac-detail.pl?biblionumber=42513 _yKatalog online BPK |
||